000 00545nam a2200169 i 4500
001 28879
003 ES-MaACL
005 20230906153938.0
007 t|
008 030120s1967 sp ||||1| spa d
100 1 _aBamm, Peter.
_925150
245 1 0 _aPor los caminos bíblicos 4000 años después /
_cPeter Bamm ; [versión española por: Ramón Valdes del Toro].
260 _aEstella (Navarra) :
_bVerbo Divino,
_c[1967]
300 _a325 p. ;
_c19 cm.
700 1 _aValdés del Toro, Ramón.
_9112520
852 _aES-MaACL
_jC-33221
_bR.64089
999 _c28879
_d28879